Normal view
MARC view
- TOTAL QUALITY MANAGEMENT UNITED STATES CASE STUDIES MALCOLUM BALDRIGE NATIONAL QUALITY AWARD
Entry Topical Term
001 - CONTROL NUMBER
- control field: 67475
003 - CONTROL NUMBER IDENTIFIER
- control field: NUST
005 - DATE AND TIME OF LATEST TRANSACTION
- control field: 20210628203830.0
008 - FIXED-LENGTH DATA ELEMENTS
- fixed length control field: 210628|| aca||aabn | a|a d
040 ## - CATALOGING SOURCE
- Original cataloging agency: NUST
- Transcribing agency: NUST
150 ## - HEADING--TOPICAL TERM
- Topical term or geographic name entry element: TOTAL QUALITY MANAGEMENT UNITED STATES CASE STUDIES MALCOLUM BALDRIGE NATIONAL QUALITY AWARD
670 ## - SOURCE DATA FOUND
- Source citation: Work cat.: (NUST): Weimerskirch, Arnold, George, Stephen 67474, Total quality management, strategics and techniques proven at todays most successful companies, 1994
